Statistics for Key Islamic figures

Click here to take the quiz!

General Stats

  • This quiz has been taken 163 times
  • The average score is 9 of 14

Answer Stats

HintAnswer% Correct
Fourth/ first caliphAli
93%
Last daughter of the prophet and mother of the above twoFatima
85%
First caliphAbu Bakr
84%
‘Founder’ of IslamMuhammad
84%
Second caliphUmar
76%
One of the Last and most famous of the prophet wives.Aisha
71%
The first person to do the call to prayerBilal
69%
One of the grandsons of the prophetHasan
69%
The other grandson of the prophetHusayn
65%
Collated the QuranUthman
64%
Largest collector of ahadith (sayings of the prophet)Bukhari
48%
Fought against the crusaders led by Richard the third (lion heart)Saladin
43%
Second largest collector of ahadithMuslim
41%
One who reported the most ahadithAbu hurayrah
15%

Score Distribution

Percentile by Number Answered

Percent of People with Each Score

Your Score History

You have not taken this quiz